Statistics for Famous People Named Tom - Picture Quiz

Click here to take the quiz!

General Stats

  • This quiz has been taken 85 times
  • The average score is 7 of 16

Answer Stats

Answer% Correct
Tom Cruise
94%
Tom Hanks
94%
Tom Holland
76%
Tom Hiddleston
63%
Tom Jones
61%
Tom Selleck
60%
Tom Brady
55%
Tom Hardy
48%
Tom Felton
36%
Tom Daley
27%
Tom Ellis
12%
Tom Scott
12%
Tom Kaulitz
10%
Tom Moore
7%
Tom Fletcher
6%
Tom Kenny
6%

Score Distribution

Percentile by Number Answered

Percent of People with Each Score

Your Score History

You have not taken this quiz